• 首页
  • 本馆介绍
  • 公告通知
  • 最新文献
  • 馆藏检索
  • 电子资源
  • 读者导购
  • 参考咨询
  • 我的图书馆
  • 登录
  • 详细信息显示
  • 放入我的书架
  • 预约/预借图书
  • 作者相关作品
  • 分类相关作品
  • 丛书相关作品
  • 出版社相关作品

书目信息

  • 表格格式
  • 工作单格式
  • 卡片格式
题名:
2005美国鲍德里奇国家质量计划 : 中英文对照, 教育类卓越绩效准则
    
 
作者: 焦叔斌 译
分册:  
出版信息: 北京   中国人民大学出版社  2005
页数: 75页
开本: 29cm
丛书名: 国际质量译丛
单 册:
中图分类: F279.712 , G571.2
科图分类:
主题词: 质量管理--美国 , 教育质量--质量管理--美国 , 质量管理 , 教育质量
电子资源:
ISBN: 7-300-06611-9
000 01450nam0 2200313 450
001 1552647923
005 20150128104121.87
010    @a7-300-06611-9@dCNY28.00
100    @a20070518d2005 em y0chiy0120 ea
101 1  @achi@ceng
102    @aCN@b110000
105    @ay z 001yy
200 1  @a2005美国鲍德里奇国家质量计划 : 中英文对照, 教育类卓越绩效准则@A2005 Mei Guo Bao De Li Qi Guo Jia Zhi Liang Ji Hua : Zhong Ying Wen Dui Zhao , Jiao Yu Lei Zhuo Yue Ji Xiao Zhun Ze@f2005 Baldrige national quality program, Education criteria for performance excellence@g焦叔斌译
210    @a北京@c中国人民大学出版社@d2005
215    @a75页@d29cm
225 2  @a国际质量译丛
330    @a本书是有效提升教育机构管理水准的方法论,旨在帮助教育机构适应动态多变的环境的要求。内容包括:2005年准则:核心价值观、概念和框架;教育类准则的主要特征;2005年教育类准则相对于2004年准则的变动;2005年教育类卓越绩效准则——条目列表;2005年教育类卓越绩效准则等。
410  0 @1410 0@a12001 @a国际质量译丛
510 1  @a2005 Baldrige national quality program : Education criteria for performance excellence@zeng
517 1  @a教育类卓越绩效准则@AJiao Yu Lei Zhuo Yue Ji Xiao Zhun Ze
606 0  @a质量管理@x美国
606 0  @a教育质量@x质量管理@y美国
606 0  @a质量管理
606 0  @a教育质量
690    @aF279.712@v4
690    @aG571.2@v4
701  0 @a焦叔斌@AJiao Shu Bin@f(1963~)@4译
801  0 @aCN@bTSSF@c20150128
905    @aZUCC@dF279.712@eJY1
    
    2005美国鲍德里奇国家质量计划 : 中英文对照, 教育类卓越绩效准则/2005 Baldrige national quality program, Education criteria for performance excellence/焦叔斌译.-北京:中国人民大学出版社,2005
    75页;29cm.-(国际质量译丛)
    
    
    ISBN 7-300-06611-9:CNY28.00
    本书是有效提升教育机构管理水准的方法论,旨在帮助教育机构适应动态多变的环境的要求。内容包括:2005年准则:核心价值观、概念和框架;教育类准则的主要特征;2005年教育类准则相对于2004年准则的变动;2005年教育类卓越绩效准则——条目列表;2005年教育类卓越绩效准则等。
●
相关链接 在E读中查询图书 在五车中查询图书 在当当中查询图书 在豆瓣中查询图书


正题名:2005美国鲍德里奇国家质量计划 : 中英文对照, 教育类卓越绩效准则     索取号:F279.712/JY1         预约/预借

序号 登录号 条形码 馆藏地/架位号 状态 备注
1 7860883   278608838   学院路分馆/ [索取号:F279.712/JY1] 在馆    
2 7860884   278608847   学院路分馆/ [索取号:F279.712/JY1] 在馆    
唐山师范学院图书馆 欢迎您!
大连网信软件有限公司© 版权所有